000
00219 a2200097 4500
001
25228
100
_a
Freulin, J H
245
_a
Application of Nuclear Physics
260
_a
_b
Eng. Uni. Press
_c
090
_c
16999
_d
16999
942
_a
NUST-CAE
_c
M
_c
7778
999
_c
260301
_d
260301